000
00212 a2200097 4500
001
47430
100
_a
Gorlitz W
245
_a
the Kaiser and his count
260
_a
London
_b
Macdonald
_c
090
_c
30458
_d
30458
942
_a
NUST-CAE
_c
M
_c
22734
999
_c
282503
_d
282503